| 000 | 00379 a2200157 4500 | ||
|---|---|---|---|
| 001 | 50250 | ||
| 020 | _a9780230469228 | ||
| 040 | _cAnchieta - Bela Vista | ||
| 100 | _aMason, Paul | ||
| 240 | 1 | 0 |
_aChocolate, chocolate, everywhere! _leng |
| 245 | 1 | 0 | _aChocolate, chocolate, everywhere! |
| 300 | _a31 | ||
| 362 | 0 | _a2015 | |
| 650 | 4 | _aLiteratura juvenil em inglês | |
| 942 | _cBK | ||
| 999 |
_c50250 _d50250 |
||